000
00307nam a22001337a 4500
008
170915b xxu||||| |||| 00| 0 eng d
020
_a
9780871922854
041
_a
eng
080
_2
3 ED
_a
7
100
_a
44
101
_a
ART
245
_a
CLAYEORK FORM IDEAL DESIGN
_c
NIGROSH.L.L
942
_2
udc
_c
BK
999
_c
27847
_d
27847